| 000 | 00853nam a22002297a 4500 | ||
|---|---|---|---|
| 999 |
_c20892 _d20892 |
||
| 005 | 20200224095020.0 | ||
| 008 | 200224b xxu||||| |||| 00| 0 spa d | ||
| 040 |
_aCO-BoIAVH _cCO-BoIAVH |
||
| 110 |
_aCORPOGUAVIO _bCorporación Autónoma Regional del Guavio |
||
| 245 |
_aNiños y niñas en acción por un ambiente mejor: _bPara niños y niñas comprometidos con el cuidado del ambiente. |
||
| 300 | _a1 juego (1 tablero, 4 fichas, 1 dado): | ||
| 500 | _a1 juego (1 tablero, 4 fichas, 1 dado): | ||
| 500 | _ailustraciones y fotografías, | ||
| 500 | _a42 x 42 cm. | ||
| 500 | _a+ 1 cartilla. | ||
| 650 | 0 | _acuidado del medio ambiente | |
| 650 | 0 | _aReciclaje | |
| 650 | 0 | _ajuegos didácticos | |
| 650 | 0 | _aFauna y Flora | |
| 650 | 0 | _aConservación de los recursos naturales | |
| 942 |
_2ddc _cMX |
||